书目信息 |
| 题名: |
文言与白话
|
|
| 作者: | 张宝明 著 | |
| 分册: | ||
| 出版信息: | 上海 华东师范大学出版社 2014 |
|
| 页数: | 145页 | |
| 开本: | 21cm | |
| 丛书名: | ||
| 单 册: | ||
| 中图分类: | H109.4 , I209.6 | |
| 科图分类: | ||
| 主题词: | 白话文--汉字改革--研究 , 学衡派--研究 , 白话文 , 汉字改革 , 学衡派 | |
| 电子资源: | ||
| ISBN: | 978-7-5675-1859-9 | |
| 000 | 01160nam0 2200337 450 | |
| 001 | 340376 | |
| 005 | 20150625151416.28 | |
| 010 | @a978-7-5675-1859-9@b精装@dCNY28.00 | |
| 100 | @a20140804d2014 em y0chiy50 ea | |
| 101 | 0 | @achi@eeng |
| 102 | @aCN@b310000 | |
| 105 | @ay z 000yy | |
| 106 | @ar | |
| 200 | 1 | @a文言与白话@Awen yan yu bai hua@e一个世纪的纠结@f张宝明著 |
| 210 | @a上海@c华东师范大学出版社@d2014 | |
| 215 | @a145页@d21cm | |
| 300 | @a六点评论 | |
| 312 | @a封面英文题名:Classical Chinese and vernacular: a century of entanglement | |
| 330 | @a本书分为五个部分, 内容包含: 文字与文学: “剪不断、理还乱”的“语文”情结;话语与权力: 启蒙家与学问家的文化博弈;文言与白话: 在“人文”与“人道”之间等。 | |
| 510 | 1 | @aClassical Chinese and vernacular@ea century of entanglement@zeng |
| 517 | 1 | @a一个世纪的纠结@Ayi ge shi ji de jiu jie |
| 606 | 0 | @a白话文@x汉字改革@x研究 |
| 606 | 0 | @a学衡派@x研究 |
| 606 | 0 | @a白话文 |
| 606 | 0 | @a汉字改革 |
| 606 | 0 | @a学衡派 |
| 690 | @aH109.4@v5 | |
| 690 | @aI209.6@v5 | |
| 701 | 0 | @a张宝明@Azhang bao ming@f(1944-)@4著 |
| 801 | 0 | @aCN@b卓展宏图@c20150525 |
| 905 | @dH109.4@e79@f4 | |
| 文言与白话:一个世纪的纠结/张宝明著.-上海:华东师范大学出版社,2014 |
| 145页;21cm |
| 六点评论 |
| ISBN 978-7-5675-1859-9(精装):CNY28.00 |
| 本书分为五个部分, 内容包含: 文字与文学: “剪不断、理还乱”的“语文”情结;话语与权力: 启蒙家与学问家的文化博弈;文言与白话: 在“人文”与“人道”之间等。 |
| ● |
| 相关链接 |
|
|
|
|
正题名:文言与白话
索取号:H109.4/79
 
预约/预借
| 序号 | 登录号 | 条形码 | 馆藏地/架位号 | 状态 | 备注 |
| 1 | 865425 | 208654259 | 第二样本阅览室/ [索取号:H109.4/79] | 在馆 | |
| 2 | 865426 | 208654268 | 第四借阅区/ [索取号:H109.4/79] | 在馆 | |
| 3 | 865427 | 208654277 | 第四借阅区/ [索取号:H109.4/79] | 在馆 | |
| 4 | 865428 | 208654286 | 密集书库-文学院/ [索取号:H109.4/79] | 在馆 |